[Event "Dmg_Chmp_2022"]
[Site "Dimitrovgrad"]
[Date "2022.12.04"]
[Round "6"]
[White "Kiselev, Artem"]
[Black "Kuprikova, Anna"]
[Result "1-0"]
[WhiteElo "1800"]
[BlackElo "1800"]
[PlyCount "75"]
[TimeControl "90"]

1. d4 d5 2. c4 c6 3. Nc3 e6 4. Nf3 f5 5. e3 Nf6 6. Qc2 Nbd7 7. b3 Be7 8. Bb2
O-O 9. Bd3 Ne4 10. O-O Ndf6 11. Nd2 Qe8 12. Ndxe4 fxe4 13. Be2 Bd6 14. f3 exf3
15. Rxf3 e5 16. cxd5 cxd5 17. Nb5 Bb8 18. Raf1 exd4 19. Bxd4 Be5 20. Nc7 Bxc7
21. Qxc7 Qe6 22. Qg3 Kh8 23. Qg5 Rg8 24. Rxf6 gxf6 25. Bxf6+ Qxf6 26. Qxf6+ Rg7
27. Qf8+ Rg8 28. Qh6 Bd7 29. Bd3 Rg7 30. Bxh7 Rd8 31. Be4+ Kg8 32. Bxd5+ Be6
33. Bxe6+ Rf7 34. Rxf7 Rd1+ 35. Kf2 Rd2+ 36. Kg3 Rxg2+ 37. Kxg2 a5 38. Qf8# 1-0

[Event "Dmg_Chmp_2022"]
[Site "Dimitrovgrad"]
[Date "2022.12.04"]
[Round "6"]
[White "Abramov, Gordey P."]
[Black "Bagautdinova, Darya"]
[Result "1-0"]
[WhiteElo "1850"]
[BlackElo "1500"]
[PlyCount "101"]
[TimeControl "90"]

1. c4 e5 2. Nc3 b6 3. d3 d6 4. Nf3 Nf6 5. g3 g6 6. Bg2 Nbd7 7. O-O Bb7 8. b4
Bg7 9. Bb2 O-O 10. e3 e4 11. dxe4 Nxe4 12. Rc1 Qe7 13. Qb3 Rab8 14. Nb5 c6 15.
Bxg7 Kxg7 16. Nc3 Ndf6 17. Rfd1 Rfd8 18. Nxe4 Nxe4 19. b5 c5 20. Nd2 Nxd2 21.
Rxd2 Bxg2 22. Kxg2 Qe4+ 23. Kg1 Rb7 24. Rcd1 Rbd7 25. Qb2+ Kg8 26. Qc3 d5 27.
a3 d4 28. exd4 cxd4 29. Qc1 h5 30. c5 bxc5 31. Qxc5 Kh7 32. a4 d3 33. Qa3 Rd4
34. a5 Qb7 35. Rxd3 Rxd3 36. Rxd3 Rxd3 37. Qxd3 Kg7 38. Qd4+ Kh6 39. b6 Qa6 40.
bxa7 Qxa5 41. Qf4+ Kg7 42. Qb8 Qe1+ 43. Kg2 Qe4+ 44. Kf1 Qd3+ 45. Ke1 Qe4+ 46.
Kd2 Qd4+ 47. Kc2 Qc4+ 48. Kb2 Qd4+ 49. Ka2 Qxf2+ 50. Qb2+ Qxb2+ 51. Kxb2 1-0

[Event "Dmg_Chmp_2022"]
[Site "Dimitrovgrad"]
[Date "2022.12.07"]
[Round "5"]
[White "Markelov, Aleksey"]
[Black "Bondarenko, Anton"]
[Result "0-1"]
[WhiteElo "1950"]
[BlackElo "1620"]
[PlyCount "128"]
[TimeControl "90"]

1. e4 c6 2. Nf3 d5 3. Nc3 Bg4 4. exd5 cxd5 5. Bb5+ Nc6 6. h3 Bxf3 7. Qxf3 Nf6
8. d4 e6 9. Bg5 Be7 10. O-O O-O 11. Bxc6 bxc6 12. b3 h6 13. Bf4 Rc8 14. Na4 Ne4
15. Qd3 c5 16. dxc5 Nxc5 17. Nxc5 Bxc5 18. Rad1 Qf6 19. Be3 Bxe3 20. fxe3 Qb2
21. Rf2 Qxa2 22. c4 dxc4 23. Rxa2 cxd3 24. Rxd3 {[%emt 0:00:05]} Rc7 25. Kf2
Rb8 26. Ke2 Rcb7 27. Ra3 Kf8 28. Kd2 Ke7 29. Kc2 Kf6 30. Ra5 Rc7+ 31. Kb2 Rbc8
32. Rd2 Rb8 33. Rf2+ Ke7 34. Rd2 Rb4 35. Ra3 Re4 36. Rd3 Kf6 37. Ra5 Re5 38.
Ra4 Rg5 39. g4 Rgc5 40. Rf4+ Kg5 41. Rd2 Rc3 42. Rxf7 Rxb3+ 43. Kxb3 Rxf7 44.
Rd6 Re7 45. Ra6 e5 46. Kc4 e4 47. Ra5+ Kh4 48. Rh5+ Kg3 49. Kd4 a5 50. Rxa5
Kxh3 51. g5 h5 52. g6 Kg4 53. Ra1 h4 54. Rf1 Re6 55. Kd5 Rxg6 56. Rg1+ Kf5 57.
Rf1+ Kg4 58. Rg1+ Kh5 59. Rh1 Rg4 60. Ke5 Kg5 61. Rh2 Kh5 62. Kf5 g5 63. Rh1
Rg2 64. Kxe4 Kg4 0-1

[Event "Dmg_Chmp_2022"]
[Site "Dimitrovgrad"]
[Date "2022.12.07"]
[Round "5"]
[White "Shaykin, Andrey"]
[Black "Abramov, Alexander"]
[Result "0-1"]
[WhiteElo "1750"]
[BlackElo "2050"]
[PlyCount "96"]
[TimeControl "90"]

1. e4 c5 2. Nf3 d6 3. h3 Nc6 4. Bc4 Nf6 5. d3 e6 6. O-O Be7 7. Nc3 O-O 8. Re1
a6 9. a4 h6 10. d4 cxd4 11. Nxd4 Nxd4 12. Qxd4 Bd7 13. b3 Rc8 14. Bb2 Qa5 15.
Ne2 Rfd8 16. Ng3 Bc6 17. e5 dxe5 18. Qxe5 Qxe5 19. Bxe5 h5 20. Rad1 Rxd1 21.
Rxd1 h4 22. Nf1 Bxa4 23. Ne3 Bc6 24. Bd6 Kf8 25. Bxe7+ Kxe7 26. Re1 b5 27. Bd3
a5 28. Ra1 a4 29. bxa4 bxa4 30. Nc4 Nd5 31. Ne5 Be8 32. Rb1 Kd6 33. Nc4+ Kc5
34. Nd2 Ra8 35. Be4 Ra7 36. Ra1 Nc3 37. Bd3 Kb4 38. Kf1 Bc6 39. f3 Bd5 40. Ke1
a3 41. Nf1 a2 42. Kd2 e5 43. Ne3 Be6 44. Ng4 Bxg4 45. hxg4 g5 46. Kc1 Ka3 47.
Bc4 Rd7 48. Bd3 Rd4 0-1

[Event "Dmg_Chmp_2022"]
[Site "Dimitrovgrad"]
[Date "2022.12.04"]
[Round "5"]
[White "Markelova, Maria"]
[Black "Kiselev, Artem"]
[Result "0-1"]
[WhiteElo "1600"]
[BlackElo "1800"]
[PlyCount "62"]
[TimeControl "90"]

1. d4 d5 2. e3 Nf6 3. c4 c6 4. Nc3 e6 5. Bd2 Be7 6. Nf3 O-O 7. Bd3 dxc4 8. Bxc4
b5 9. Be2 Bb7 10. O-O a6 11. Qc2 Nbd7 12. a3 c5 13. Bd3 h6 14. Be4 Nxe4 15.
Nxe4 cxd4 16. exd4 Rc8 17. Bc3 Nb6 18. Qd3 Nd5 19. Rfe1 Nxc3 20. bxc3 Qd5 21.
a4 bxa4 22. Rxa4 Bc6 23. c4 Qf5 24. Rxa6 Bb4 25. Re3 Bb5 26. Nd6 Qxd3 27. Rxd3
Bxa6 28. Nxc8 Rxc8 29. Ne5 Bxc4 30. Rf3 Bd5 31. Rxf7 Rc1# 0-1

[Event "Dmg_Chmp_2022"]
[Site "Dimitrovgrad"]
[Date "2022.12.08"]
[Round "7"]
[White "Bagautdinova, Darya"]
[Black "Kuprikov, Alexey"]
[Result "0-1"]
[WhiteElo "1500"]
[BlackElo "1722"]
[PlyCount "98"]
[TimeControl "90"]

1. c4 e5 2. Nc3 c6 3. e3 d5 4. cxd5 cxd5 5. d4 exd4 6. exd4 Bb4 7. Nge2 Nf6 8.
g3 O-O 9. Bg2 Re8 10. O-O h6 11. Qb3 Nc6 12. Nf4 Bf8 13. Ncxd5 Nxd4 14. Qc4 Ne6
15. Nxf6+ Qxf6 16. Nxe6 Bxe6 17. Qc2 Rac8 18. Qa4 Bc4 19. Rd1 Be2 20. Re1 Bc5
21. Be3 Ba6 22. Bxc5 Rxe1+ 23. Rxe1 Rxc5 24. b3 Re5 25. Rc1 Re2 26. f4 Rxg2+
27. Kxg2 Qb2+ {[%emt 0:00:03]} 28. Kh3 Qxc1 29. Qe8+ Kh7 30. Qxf7 Bd3 31. f5
Qg5 32. g4 h5 33. Qxh5+ Qxh5+ 34. gxh5 Bxf5+ 35. Kh4 Kh6 36. a3 Bc2 37. b4 Bd1
38. Kg3 Kxh5 39. h4 b5 40. Kh3 g6 41. Kg3 Bg4 42. Kf4 Kxh4 43. Ke5 g5 44. Kd5
Be2 45. Kc6 g4 46. Kb7 g3 47. Kxa7 g2 48. Ka6 g1=Q 49. Ka5 Qa7# 0-1

[Event "Dmg_Chmp_2022"]
[Site "Dimitrovgrad"]
[Date "2022.12.04"]
[Round "5"]
[White "Abramov, Gordey P."]
[Black "Kuprikova, Anna"]
[Result "1-0"]
[WhiteElo "1850"]
[BlackElo "1800"]
[PlyCount "89"]
[TimeControl "90"]

{[%evp 0,0,0]} 1. c4 d5 2. cxd5 Qxd5 3. Nc3 Qa5 4. Nf3 Nf6 5. g3 c6 6. Bg2 Bf5
7. d3 e6 8. Bd2 Qc7 9. Rc1 Qb6 10. Na4 Qd8 11. O-O Be7 12. h3 Nbd7 13. Nh4 Bg6
14. Nxg6 fxg6 15. Qb3 b5 16. Nc3 Nc5 17. Qc2 Rc8 18. b4 Na6 19. Nxb5 O-O 20.
Nxa7 Rc7 21. Nxc6 Qd7 22. Nxe7+ Qxe7 23. Qb3 Rcc8 24. Rxc8 Rxc8 25. Rc1 Rxc1+
26. Bxc1 Nxb4 27. Ba3 Nfd5 28. Bxd5 exd5 29. Qxb4 Qxb4 30. Bxb4 Kf7 31. e4 dxe4
32. dxe4 Ke6 33. a4 Kd7 34. a5 Kc6 35. e5 Kb5 36. e6 Kxb4 37. e7 Kxa5 38. e8=Q
g5 39. Qb8 h5 40. Kf1 h4 41. Ke2 hxg3 42. fxg3 g4 43. Kd3 gxh3 44. Kc4 h2 45.
Qb5# 1-0

[Event "Dmg_Chmp_2022"]
[Site "Dimitrovgrad"]
[Date "2022.12.10"]
[Round "7"]
[White "Markelov, Aleksey"]
[Black "Bredihin, Dmitriy"]
[Result "0-1"]
[WhiteElo "1950"]
[BlackElo "2107"]
[PlyCount "112"]
[TimeControl "90"]

1. e4 c5 2. Nf3 d6 3. Bb5+ Nd7 4. d4 cxd4 5. Nxd4 Ngf6 6. Nc3 e6 7. Be3 Be7 8.
O-O O-O 9. f3 Qc7 10. Ba4 a6 11. Bb3 Ne5 12. Qe2 b5 13. a3 Rb8 14. Rab1 Re8 15.
Rfd1 Bb7 16. Kh1 Kh8 17. Bf2 Rbc8 18. Rbc1 Nc4 19. Ncxb5 axb5 20. Nxb5 Qc6 21.
Na7 Qa6 22. Nxc8 Rxc8 23. Bxc4 Rxc4 24. c3 h5 25. Bg3 d5 26. exd5 Bxd5 27. Be5
Qb7 28. h3 Kg8 29. Bd4 h4 30. Bxf6 Bxf6 31. Re1 Rf4 32. Rg1 g5 33. c4 Qa6 34.
b3 Bc6 35. a4 Qb7 36. Rgf1 Qxb3 37. Qc2 Qxa4 38. Qxa4 Bxa4 39. c5 Bc6 40. Rfd1
Be7 41. Rd3 Ra4 42. Rb3 Ra8 43. Rb6 Rc8 44. Rb3 Bd5 45. Rb5 f5 46. Ra5 Rc7 47.
Kh2 Kf7 48. Rb5 Kf6 49. Ra5 Ke5 50. Rb5 Kd4 51. Rb4+ Kd3 52. f4 Bxc5 53. Rbb1
Bd6 54. Rd1+ Ke4 55. Re1+ Kxf4 56. Rbd1 Rc4 0-1

[Event "Dmg_Chmp_2022"]
[Site "Dimitrovgrad"]
[Date "2022.12.10"]
[Round "7"]
[White "Zabarov, Vyacheslav"]
[Black "Zaletov, Yuri"]
[Result "1/2-1/2"]
[WhiteElo "1850"]
[BlackElo "2119"]
[PlyCount "65"]

1. e4 c5 2. Nf3 Nc6 3. Nc3 g6 4. d4 cxd4 5. Nxd4 Bg7 6. Nxc6 bxc6 7. Bd2 d6 8.
Be2 Nf6 9. O-O O-O 10. f4 Qc7 11. Rb1 Nd7 12. h4 Qb6+ 13. Kh2 Qd4 14. h5 Nf6
15. Bf3 gxh5 16. Ne2 Qc5 17. b4 Qb6 18. Ng3 Ng4+ 19. Bxg4 Bxg4 20. Qe1 Qd4 21.
e5 d5 22. Bc3 Qc4 23. f5 h4 24. Nh1 Qe4 25. Qxh4 Bxe5+ 26. Bxe5 Qxe5+ 27. Ng3
h5 28. Qg5+ Kh7 29. Rbe1 Qf6 30. Qf4 Qd6 31. Qg5 Rg8 32. Qh4 Rge8 33. Kg1
1/2-1/2

[Event "Dmg_Chmp_2022"]
[Site "Dimitrovgrad"]
[Date "2022.12.10"]
[Round "7"]
[White "Rudnev, Yuri"]
[Black "Bondarenko, Anton"]
[Result "1-0"]
[WhiteElo "2150"]
[BlackElo "1620"]
[PlyCount "33"]
[TimeControl "90"]

1. e4 c6 2. d4 d5 3. e5 Bf5 4. h4 Bd7 5. Nf3 e6 6. Be3 Qb6 7. b3 c5 8. c3 Bb5
9. c4 dxc4 10. bxc4 Bc6 11. d5 exd5 12. cxd5 Bb5 13. Bxb5+ Qxb5 14. Nc3 Qa5 15.
Bd2 Nd7 16. O-O O-O-O 17. Re1 1-0

[Event "Dmg_Chmp_2022"]
[Site "Dimitrovgrad"]
[Date "2022.12.10"]
[Round "7"]
[White "Kiselev, Artem"]
[Black "Murzakhanov, Rustam"]
[Result "1-0"]
[WhiteElo "1800"]
[BlackElo "1750"]
[PlyCount "63"]

1. d4 Nf6 2. c4 e6 3. Nc3 Bb4 4. Qc2 b6 5. Nf3 Bb7 6. e3 O-O 7. Be2 d6 8. O-O
Nbd7 9. b3 Bxc3 10. Qxc3 c5 11. Bb2 Ne4 12. Qc2 f6 13. Bd3 f5 14. Rfd1 Ng5 15.
Nxg5 Qxg5 16. e4 cxd4 17. Bxd4 Nc5 18. Be3 Qf6 19. Bxc5 dxc5 20. exf5 exf5 21.
Re1 g6 22. Rad1 Qg5 23. Bf1 Be4 24. Qc3 Rad8 25. Qe5 Rf7 26. f3 Bb7 27. f4 Qh4
28. g3 Qg4 29. Rxd8+ Rf8 30. Rxf8+ Kxf8 31. Qf6+ Kg8 32. Re8# 1-0

[Event "Dmg_Chmp_2022"]
[Site "Dimitrovgrad"]
[Date "2022.12.10"]
[Round "7"]
[White "Shaykin, Andrey"]
[Black "Abramov, Gordey P."]
[Result "1/2-1/2"]
[WhiteElo "1750"]
[BlackElo "1850"]
[PlyCount "73"]

1. e4 c6 2. d4 d5 3. exd5 cxd5 4. Nf3 Nf6 5. Bd3 Nc6 6. Be3 Bg4 7. h3 Bh5 8.
Nbd2 e6 9. c3 Bd6 10. Qc2 O-O 11. O-O Rc8 12. Bg5 Nb4 13. Bxh7+ Nxh7 14. Qxh7+
Kxh7 15. Bxd8 Rfxd8 16. cxb4 Bxb4 17. Nb3 Rc2 18. Rab1 Rdc8 19. Rfc1 Rxc1+ 20.
Rxc1 Rxc1+ 21. Nxc1 f6 22. Kf1 Be8 23. Ke2 g5 24. Ke3 Kg6 25. Nd2 Bb5 26. Nd3
Bxd3 27. Kxd3 Bxd2 28. Kxd2 Kf5 29. Ke3 e5 30. b3 b6 31. a3 a6 32. b4 b5 33. f3
Ke6 34. Kd3 Kf5 35. Ke3 Ke6 36. Kd3 Kf5 37. Ke3 1/2-1/2

[Event "Dmg_Chmp_2022"]
[Site "Dimitrovgrad"]
[Date "2022.12.11"]
[Round "8"]
[White "Bredihin, Dmitriy"]
[Black "Akimov, Gennadiy"]
[Result "1-0"]
[WhiteElo "2107"]
[BlackElo "1929"]
[PlyCount "83"]

1. c4 c5 2. Nf3 Nc6 3. Nc3 e5 4. g3 f5 5. d3 Nf6 6. Bg2 Be7 7. O-O O-O 8. a3 d6
9. Rb1 Rb8 10. b4 Nd4 11. e3 Nxf3+ 12. Bxf3 b6 13. d4 cxd4 14. exd4 Bb7 15.
Bxb7 Rxb7 16. Qf3 Qc8 17. dxe5 dxe5 18. Nd5 e4 19. Qb3 Nxd5 20. cxd5 Bd6 21.
Bf4 Qb8 22. Bxd6 Qxd6 23. Rbc1 Rd8 24. Rfd1 h6 25. Rc6 Qd7 26. Re6 Qf7 27. d6
Kh7 28. Qd5 Rbd7 29. Qe5 Qf8 30. Rd5 Qf7 31. g4 fxg4 32. Qxe4+ Kh8 33. Rf5 Qg8
34. Rfe5 Rf8 35. Re8 Rdf7 36. Rxf8 Rxf8 37. d7 Qf7 38. Rf5 Qxf5 39. Qxf5 Rxf5
40. d8=Q+ Kh7 41. Qd7 Rf6 42. Qxa7 1-0

[Event "Dmg_Chmp_2022"]
[Site "Dimitrovgrad"]
[Date "2022.12.11"]
[Round "8"]
[White "Abramov, Alexander"]
[Black "Lazutin, Valerij"]
[Result "1-0"]
[WhiteElo "2050"]
[BlackElo "1904"]
[PlyCount "63"]

1. d4 d5 2. Nf3 e6 3. c4 c6 4. g3 Nf6 5. Bg2 Nbd7 6. O-O Bd6 7. Nc3 O-O 8. b3
b6 9. Bb2 Ba6 10. Nd2 Rc8 11. e4 Bb8 12. e5 Ne8 13. f4 f5 14. a4 Rf7 15. b4
dxc4 16. b5 Bb7 17. Nxc4 cxb5 18. Bxb7 Rxc4 19. d5 Nxe5 20. dxe6 Qc7 21. exf7+
Nxf7 22. Re1 Nf6 23. Bd5 Qc5+ 24. Kh1 Rd4 25. Qb3 b4 26. Bxf7+ Kf8 27. Rad1
Qc6+ 28. Kg1 Qc5 29. Kf1 Bd6 30. Rxd4 Qxd4 31. Nb5 Qc5 32. Rc1 1-0

[Event "Dmg_Chmp_2022"]
[Site "Dimitrovgrad"]
[Date "2022.12.11"]
[Round "8"]
[White "Slaboganin, Vladimir"]
[Black "Zabarov, Viacheslav"]
[Result "1-0"]
[WhiteElo "1900"]
[BlackElo "1850"]
[PlyCount "65"]

1. d4 d5 2. c4 e6 3. Nc3 Nf6 4. Nf3 dxc4 5. e4 Be7 6. Bxc4 O-O 7. O-O c6 8. Bg5
Qc7 9. Re1 Ng4 10. Bxe7 Qxe7 11. Rc1 Nd7 12. e5 Rd8 13. Qc2 b6 14. Qe4 Nh6 15.
Bd3 Nf8 16. Nb5 Nf5 17. g4 Bb7 18. gxf5 cxb5 19. Qg4 Bxf3 20. Qxf3 Qg5+ 21. Kh1
exf5 22. Bxf5 g6 23. Bh3 Qe7 24. d5 Nd7 25. Bxd7 Qxd7 26. d6 Rac8 27. Rc3 Qe6
28. Rec1 Rxc3 29. Qxc3 Qd5+ 30. Kg1 Qe6 31. Qg3 h5 32. Rc7 h4 33. Qg5 1-0

[Event "Dmg_Chmp_2022"]
[Site "Dimitrovgrad"]
[Date "2022.12.11"]
[Round "8"]
[White "Zaletov, Yuri"]
[Black "Abramov, Gordey P."]
[Result "1-0"]
[WhiteElo "2119"]
[BlackElo "1850"]
[PlyCount "115"]

1. e4 c6 2. d4 d5 3. exd5 cxd5 4. c4 Nf6 5. Nc3 Bf5 6. Nf3 e6 7. cxd5 Nxd5 8.
Bb5+ Nc6 9. Ne5 Ndb4 10. O-O a6 11. Bxc6+ Nxc6 12. Qa4 Qxd4 13. Nxc6 Qxa4 14.
Nxa4 bxc6 15. Bf4 Be7 16. Rac1 O-O 17. Rxc6 Bd3 18. Rfc1 Bb5 19. Nb6 Bxc6 20.
Rxc6 Rad8 21. g3 Rd1+ 22. Kg2 g5 23. Be5 f6 24. Bc7 Bd8 25. Bd6 Rf7 26. Nc4 Be7
27. Bxe7 Rxe7 28. Rxa6 Rc7 29. b3 Kf7 30. Rb6 Rb1 31. Rb4 Ke7 32. a4 Rd1 33. a5
Rdd7 34. Ra4 Ra7 35. Nb6 Kd8 36. Nxd7 Kxd7 37. h4 h6 38. h5 Kc6 39. g4 Kb5 40.
f4 Rxa5 41. Rxa5+ Kxa5 42. fxg5 fxg5 43. Kf3 Kb4 44. Ke4 Kxb3 45. Ke5 Kc4 46.
Kxe6 Kd4 47. Kf5 Ke3 48. Kg6 Kf4 49. Kxh6 Kxg4 50. Kg6 Kf4 51. h6 g4 52. h7 g3
53. h8=Q g2 54. Qh2+ Kf3 55. Qg1 Kg3 56. Kf5 Kf3 57. Ke5 Kg3 58. Ke4 1-0

[Event "Dmg_Chmp_2022"]
[Site "Dimitrovgrad"]
[Date "2022.12.11"]
[Round "8"]
[White "Guliev, Fahrutdin"]
[Black "Kiselev, Artem"]
[Result "0-1"]
[WhiteElo "1750"]
[BlackElo "1800"]
[PlyCount "78"]

1. d4 d5 2. Nf3 Nf6 3. h3 e6 4. Bf4 Be7 5. e3 O-O 6. Bd3 b6 7. O-O Bb7 8. Nbd2
Nbd7 9. Rc1 c5 10. c4 Rc8 11. Bb1 cxd4 12. exd4 dxc4 13. Nxc4 Nd5 14. Bg3 N7f6
15. Re1 b5 16. Nce5 Bd6 17. Bh4 Qb6 18. a3 Rxc1 19. Qxc1 Rc8 20. Qd2 b4 21. Rc1
bxa3 22. Rxc8+ Bxc8 23. Nc4 Qa6 24. Nxa3 Bxa3 25. bxa3 Qxa3 26. Qc2 Qa6 27. Ng5
g6 28. Ne4 Nxe4 29. Qxe4 Qa3 30. Qc2 Qc3 31. Qd1 a5 32. Ba2 Nb4 33. Bb1 Bd7 34.
Bf6 a4 35. Be4 a3 36. Bb1 a2 37. Bxa2 Nxa2 38. Qe2 Qc1+ 39. Kh2 Qf4+ 0-1

[Event "Dmg_Chmp_2022"]
[Site "Dimitrovgrad"]
[Date "2022.12.11"]
[Round "8"]
[White "Markelov, Aleksey"]
[Black "Kuprikov, Alexey"]
[Result "1-0"]
[WhiteElo "1950"]
[BlackElo "1722"]
[PlyCount "69"]

1. e4 e6 2. d4 d5 3. e5 c5 4. c3 Nc6 5. Nf3 Bd7 6. Be2 Qb6 7. O-O Nge7 8. dxc5
Qxc5 9. Be3 Qa5 10. Bd3 Ng6 11. Bxg6 hxg6 12. Bd4 Be7 13. b4 Qc7 14. Qb3 b5 15.
Na3 a6 16. Nc2 g5 17. Ne3 f6 18. exf6 gxf6 19. h3 Rg8 20. Rfe1 Ne5 21. Bxe5
fxe5 22. Rad1 O-O-O 23. Nxe5 Qxe5 24. Nxd5 Qg7 25. Nb6+ Kc7 26. Nxd7 Rxd7 27.
Rxd7+ Kxd7 28. Qxe6+ Ke8 29. Qc6+ Kf8 30. Qc8+ Kf7 31. Qe6+ Kf8 32. Re5 Rh8 33.
Rf5+ Ke8 34. Qc6+ Kd8 35. Rd5+ 1-0

[Event "Dmg_Chmp_2022"]
[Site "Dimitrovgrad"]
[Date "2022.12.11"]
[Round "9"]
[White "Bondarenko, Anton"]
[Black "Shapran, Stefaniya"]
[Result "1-0"]
[WhiteElo "1620"]
[BlackElo "1800"]
[PlyCount "101"]

1. e4 d5 2. exd5 Qxd5 3. Nc3 Qa5 4. Nf3 c6 5. Be2 Nf6 6. O-O Bf5 7. d4 e6 8.
Bf4 Nd5 9. Nxd5 Qxd5 10. c4 Qe4 11. Be3 Qc2 12. Qxc2 Bxc2 13. Rac1 Be4 14. Rfd1
Be7 15. Ng5 Bxg5 16. Bxg5 h6 17. Bf4 g5 18. Be5 Rg8 19. f3 Bf5 20. g4 Bg6 21.
d5 Nd7 22. Bd6 Rc8 23. dxe6 fxe6 24. c5 e5 25. Re1 h5 26. Bc4 Rg7 27. Bxe5 Re7
28. Bd6 Rxe1+ 29. Rxe1+ Kd8 30. b4 b6 31. Ba6 bxc5 32. Bxc8 Kxc8 33. bxc5 hxg4
34. fxg4 Kb7 35. Re7 Kc8 36. Rg7 Bb1 37. a3 Be4 38. Rxg5 Nf6 39. h4 Bd5 40. Rg7
a6 41. h5 Be4 42. h6 a5 43. g5 Ne8 44. Re7 Nxd6 45. cxd6 Kd8 46. h7 Bxh7 47.
Rxh7 c5 48. Rc7 c4 49. g6 c3 50. g7 c2 51. g8=Q# 1-0

[Event "Dmg_Chmp_2022"]
[Site "Dimitrovgrad"]
[Date "2022.12.11"]
[Round "8"]
[White "Batyukova, Anastasiya"]
[Black "Murzakhanov, Rustam"]
[Result "1-0"]
[WhiteElo "1800"]
[BlackElo "1750"]
[PlyCount "103"]

1. e4 c5 2. Nf3 Nc6 3. d4 cxd4 4. Nxd4 Qc7 5. Nc3 Nf6 6. Be3 g6 7. Qd2 Bg7 8.
f3 O-O 9. g4 d6 10. O-O-O a6 11. h4 Nxd4 12. Bxd4 h5 13. gxh5 Nxh5 14. Bxg7
Kxg7 15. Be2 Nf6 16. Rdg1 Rh8 17. f4 e6 18. h5 Bd7 19. e5 dxe5 20. fxe5 Qxe5
21. hxg6 fxg6 22. Bd3 Rxh1 23. Rxh1 Kf7 24. Rf1 Bc6 25. Qh6 Rg8 26. Qh7+ Kf8
27. Bxg6 Qg5+ 28. Kb1 Qxg6 29. Qc7 Qf7 30. Qd6+ Qe7 31. Rxf6+ Ke8 32. Qb8+ Qd8
33. Rxe6+ Kf7 34. Qxd8 Rxd8 35. Re1 Rd6 36. a3 Re6 37. Rd1 Ke7 38. Nd5+ Bxd5
39. Rxd5 Rd6 40. Rxd6 Kxd6 41. Ka2 Kc5 42. Kb3 b5 43. Kc3 a5 44. b4+ axb4+ 45.
axb4+ Kd5 46. Kd3 Kd6 47. Kd4 Kc6 48. Ke5 Kc7 49. Kd5 Kb6 50. Kd6 Kb7 51. Kc5
Ka6 52. Kc6 1-0

[Event "Dmg_Chmp_2022"]
[Site "Dimitrovgrad"]
[Date "2022.12.11"]
[Round "8"]
[White "Bagautdinova, Darya"]
[Black "Shaykin, Andrey"]
[Result "0-1"]
[WhiteElo "1500"]
[BlackElo "1750"]
[PlyCount "93"]

1. e4 e5 2. Nf3 d6 3. Bc4 Bg4 4. h3 Bxf3 5. Qxf3 Nf6 6. g4 h6 7. Nc3 c6 8. d3
Nbd7 9. Bd2 b5 10. Bb3 b4 11. Ne2 a5 12. h4 g6 13. Rg1 Bg7 14. g5 a4 15. gxf6
Nxf6 16. Bc4 d5 17. exd5 cxd5 18. Bb5+ Nd7 19. Bxb4 Rb8 20. Bxd7+ Qxd7 21. Ba3
f5 22. Rxg6 Bf8 23. Qh5 Kd8 24. Bxf8 Rxf8 25. Qxh6 Kc7 26. Rg7 Rf7 27. Rxf7
Qxf7 28. O-O-O Qe7 29. d4 exd4 30. Qf4+ Kc8 31. Nxd4 Qb4 32. Qxf5+ Kc7 33. Ne6+
Kc6 34. Qxd5+ Kb6 35. Qd4+ Ka5 36. Qxb4+ Rxb4 37. Rh1 Re4 38. Nc5 Re5 39. Nd3
Re8 40. h5 Kb5 41. h6 Ra8 42. h7 a3 43. bxa3 Rxa3 44. h8=Q Rxa2 45. Qb8+ Kc4
46. Qb3+ Kd4 47. Rh4# 0-1

[Event "Dmg_Chmp_2022"]
[Site "Dimitrovgrad"]
[Date "2022.12.11"]
[Round "8"]
[White "Abramov, Sergey"]
[Black "Rudnev, Yuri"]
[Result "0-1"]
[WhiteElo "2005"]
[BlackElo "2150"]
[PlyCount "50"]

1. Nf3 Nf6 2. d4 e6 3. c4 Bb4+ 4. Nc3 O-O 5. Qc2 d5 6. e3 c5 7. a3 Bxc3+ 8.
bxc3 Nbd7 9. cxd5 exd5 10. Bd3 b6 11. O-O Bb7 12. a4 Rc8 13. Ba3 Re8 14. Rae1
Qc7 15. Bf5 g6 16. Bh3 Ba6 17. dxc5 bxc5 18. Rd1 Bxf1 19. Kxf1 Rcd8 20. c4 dxc4
21. Qxc4 Nb6 22. Qc2 Rxd1+ 23. Qxd1 c4 24. Qd4 Nbd5 25. g3 Re4 0-1

[Event "Dmg_Chmp_2022"]
[Site "Dimitrovgrad"]
[Date "2022.12.11"]
[Round "8"]
[White "Kiselev, Artem"]
[Black "Markelov, Aleksey"]
[Result "0-1"]
[WhiteElo "1800"]
[BlackElo "1950"]
[PlyCount "70"]

1. d4 Nf6 2. c4 g6 3. Nc3 Bg7 4. Nf3 O-O 5. e3 d6 6. Bd3 Nbd7 7. O-O e5 8. Be2
c6 9. b3 Re8 10. Bb2 exd4 11. Nxd4 Ne5 12. Qc2 Qc7 13. Rfd1 a6 14. h3 h6 15.
Nf3 Bd7 16. Rd2 Rad8 17. Rad1 Bc8 18. Nxe5 dxe5 19. f3 Rxd2 20. Rxd2 e4 21.
fxe4 Qg3 22. Bf3 Qe1+ 23. Kh2 Qxe3 24. Qd1 Qf4+ 25. Kh1 Kh7 26. Ne2 Qc7 27. e5
Nd7 28. Ng3 Nxe5 29. Ne4 Nxf3 30. Qxf3 Bf5 31. Bxg7 Rxe4 32. Bd4 Rf4 33. Be5
Qxe5 34. Qg3 Rf1+ 35. Kh2 Rh1+ 0-1

[Event "Dmg_Chmp_2022"]
[Site "Dimitrovgrad"]
[Date "2022.12.11"]
[Round "9"]
[White "Shaykin, Andrey"]
[Black "Abramov, Sergey"]
[Result "0-1"]
[WhiteElo "1750"]
[BlackElo "2005"]
[PlyCount "64"]

1. e4 c5 2. Nf3 d6 3. Bc4 Nf6 4. Nc3 e6 5. O-O Nc6 6. d4 cxd4 7. Nxd4 Nxd4 8.
Qxd4 Be7 9. Rd1 a6 10. a4 Qc7 11. Bg5 O-O 12. Bd3 h6 13. Bh4 Bd7 14. Bg3 Nh5
15. Qe3 Nxg3 16. Qxg3 Bf6 17. Rab1 Bxc3 18. bxc3 Bxa4 19. Re1 e5 20. Rb4 Qxc3
21. Reb1 b5 22. R4b2 Rfc8 23. f4 Qd4+ 24. Kf1 Rc3 25. Qg4 Rac8 26. Rb4 Qe3 27.
Rxa4 bxa4 28. fxe5 dxe5 29. Qd7 Qf4+ 30. Kg1 Rxc2 31. Bxc2 Rxc2 32. Qxa4 Qf2+
0-1

[Event "Dmg_Chmp_2022"]
[Site "Dimitrovgrad"]
[Date "2022.12.11"]
[Round "8"]
[White "Abramov, Alexander"]
[Black "Slaboganin, Vladimir"]
[Result "1-0"]
[WhiteElo "2050"]
[BlackElo "1900"]
[PlyCount "45"]

1. d4 Nf6 2. c4 g6 3. Nc3 Bg7 4. e4 d6 5. Nf3 O-O 6. Be2 Re8 7. O-O c5 8. Be3
Ng4 9. Bg5 cxd4 10. Nxd4 Ne5 11. Nd5 a6 12. Rc1 Nbc6 13. Nc2 Qa5 14. a3 h6 15.
Be3 Nd7 16. b4 Qd8 17. Qd2 Kh7 18. Rfd1 e6 19. Nc3 Qf6 20. Nd4 Nxd4 21. Bxd4 e5
22. Be3 Nf8 23. Nd5 1-0

[Event "Dmg_Chmp_2022"]
[Site "Dimitrovgrad"]
[Date "2022.12.11"]
[Round "8"]
[White "Rudnev, Yuri"]
[Black "Bredihin, Dmitriy"]
[Result "0-1"]
[WhiteElo "2150"]
[BlackElo "2107"]
[PlyCount "54"]

1. e4 c5 2. Nf3 d6 3. d4 cxd4 4. Nxd4 Nf6 5. Nc3 a6 6. Be3 e5 7. Nb3 Be6 8. f3
Be7 9. Qd2 Qc7 10. O-O-O Nbd7 11. g4 Rc8 12. Kb1 h6 13. Nd5 Bxd5 14. exd5 b5
15. c3 Nb6 16. Bxb6 Qxb6 17. Bd3 g6 18. Bc2 Rc4 19. Rhf1 Nd7 20. Bd3 Rf4 21.
Nc1 Bg5 22. Qg2 O-O 23. Ne2 Rf6 24. h4 Bxh4 25. f4 exf4 26. Rxf4 Rxf4 27. Nxf4
Qe3 0-1

[Event "Dmg_Chmp_2022"]
[Site "Dimitrovgrad"]
[Date "2022.12.11"]
[Round "8"]
[White "Akimov, Gennadiy"]
[Black "Zaletov, Yuri"]
[Result "1/2-1/2"]
[WhiteElo "1929"]
[BlackElo "2119"]
[PlyCount "85"]

1. e4 c5 2. c3 d5 3. exd5 Qxd5 4. Nf3 Nc6 5. c4 Qe4+ 6. Be2 a6 7. Nc3 Qg6 8.
Nd5 Qd6 9. d4 cxd4 10. Nxd4 e5 11. Nxc6 bxc6 12. Nc3 Qxd1+ 13. Bxd1 Be6 14. b3
Bb4 15. Bb2 Rd8 16. a3 Bc5 17. O-O Bd4 18. Na4 Bxb2 19. Nxb2 Nf6 20. Re1 e4 21.
f3 Rd4 22. Na4 O-O 23. Nc5 a5 24. fxe4 Rd2 25. Bf3 Bg4 26. Re3 Bxf3 27. Rxf3
Re8 28. Re1 Re5 29. Rf5 Re8 30. h3 h6 31. Rf2 Rd4 32. a4 Nh7 33. Nb7 Ra8 34.
Rf5 Ng5 35. Rxa5 Re8 36. e5 Rd2 37. Rc5 Re6 38. Re3 Rg6 39. g4 Nxh3+ 40. Rxh3
Rxg4+ 41. Kf1 Rgg2 42. Rxc6 Rgf2+ 43. Kg1 1/2-1/2

[Event "Dmg_Chmp_2022"]
[Site "Dimitrovgrad"]
[Date "2022.12.11"]
[Round "9"]
[White "Lazutin, Valerij"]
[Black "Bondarenko, Anton"]
[Result "1-0"]
[WhiteElo "1904"]
[BlackElo "1620"]
[PlyCount "86"]

1. c4 d5 2. cxd5 Qxd5 3. Nc3 Qd8 4. g3 Nf6 5. Bg2 g6 6. Nf3 Bg7 7. O-O O-O 8.
d4 c6 9. Qb3 Nd5 10. Rd1 Na6 11. e4 Nxc3 12. bxc3 e6 13. Bg5 Qa5 14. e5 Nc7 15.
Rac1 h6 16. Bd2 Qd5 17. c4 Qd7 18. Bc3 b6 19. Nd2 Bb7 20. Ne4 Kh8 21. Nd6 Ba6
22. Qa4 b5 23. cxb5 Bxb5 24. Qa5 g5 25. Bb4 Nd5 26. Bxd5 exd5 27. Nxb5 cxb5 28.
Bxf8 Bxf8 29. Kg2 a6 30. Qb6 Qf5 31. Qc6 Qe4+ 32. Kg1 Ra7 33. Qf6+ Bg7 34. Rc8+
Kh7 35. Qb6 Re7 36. Qxa6 Qe2 37. Rcc1 h5 38. Qd6 Re6 39. Qxd5 h4 40. Re1 Qh5
41. Qe4+ Kg8 42. Rc8+ Bf8 43. d5 Rh6 1-0